000 01393cam a2200409Ii 4500
999 _c125
_d125
001 813929346
003 OCoLC
005 20190726114837.0
008 121022s2013 nyu d 000 1 eng d
010 _a 2011026149
020 _a006208965X (paperback)
020 _a9780062089656
035 _a(OCoLC)813929346
040 _aYDXCP
_beng
_erda
_cYDXCP
_dOCLCQ
_dNYP
049 _aNYPP
082 _aFIC LAR
091 _aFIC
100 1 _aLarbalestier, Justine.
_eauthor
245 1 0 _aTeam Human /
_cJustine Larbalestier and Sarah Rees Brennan.
250 _aFirst paperback edition.
264 1 _aNew York :
_bHarperTeen,
_c2013.
300 _a344 paper ;
_c21 cm.
336 _atext
_2rdacontent.
337 _aunmediated
_2rdamedia.
338 _avolume
_2rdacarrier.
520 _aResiding in New Whitby, Maine, a town founded by vampires trying to escape persecution, Mel finds her negative attitudes challenged when her best friend falls in love with one, another friend's father runs off with one, and she herself is attracted to someone who tries to pass himself off as one.
650 0 _aVampires
_vFiction.
650 0 _aHigh schools
_vFiction.
650 0 _aSchools
_vFiction.
651 0 _aMaine
_vFiction.
700 1 _aBrennan, Sarah Rees,
_eauthor.
901 _aljh
_bCATBL
901 _aMARS
942 _2ddc
_cFIC
945 _a.b197965209
946 _am